| 000 | 01155nam a2200289Ia 4500 | ||
|---|---|---|---|
| 008 | 130821s2008 ck gr spa | ||
| 020 | _a9789588378688 | ||
| 040 |
_aCo-BoUCM _bspa |
||
| 041 | 0 | 0 | _aspa |
| 245 | 0 | 0 |
_aTemas vigentes en materia de derecho procesal y probatorio homenaje al doctor Hernado Morales Molina _cGabriel Hernández Villarreal, coordinador académico |
| 260 |
_aBogotá (Colombia) _bEditorial Universidad del Rosario _c2008 |
||
| 300 | _a384 páginas | ||
| 490 | _aColección Textos de Jurisprudencia | ||
| 500 | _aEspecialización en derecho procesal 25 años | ||
| 504 | _aIncluye bibliografía | ||
| 650 | 0 | 4 |
_aDerecho laboral _912787 |
| 650 | 0 | 4 |
_aDerecho penal _912805 |
| 650 | 0 | 4 |
_aDerecho probatorio _912821 |
| 650 | 0 | 4 |
_aDerecho procesal _912822 |
| 650 | 0 | 4 |
_aMedidas cautelares _919223 |
| 650 | 0 | 4 |
_aProceso civil _922376 |
| 650 | 0 | 4 |
_aProceso ejecutivo _922382 |
| 700 | 1 |
_aHernández Villarreal, Gabriel _943886 |
|
| 710 | 1 |
_aUniversidad Colegio Mayor de Nuestra Señora del Rosario. _bFacultad de Jurisprudencia _93801 |
|
| 942 |
_cLIBRO _2DEWEY _a8 _e1 _h347.05 _mT278 |
||
| 999 |
_c59228 _d59228 |
||